| 000 | 00975cam a22002774a 4500 | ||
|---|---|---|---|
| 001 | 12747647 | ||
| 003 | CEME | ||
| 005 | 20210628201518.0 | ||
| 008 | 020419s2003 flua b 001 0 eng | ||
| 010 | _a 2002067480 | ||
| 020 | _a0849310911 (alk. paper) | ||
| 040 |
_aDLC _cDLC _dDLC |
||
| 042 | _apcc | ||
| 050 | 0 | 0 |
_aTK5102.9 _b.S719 2003 |
| 082 | 0 | 0 |
_a621.382/2 _221 |
| 100 | 1 |
_aStearns, Samuel D. _955595 |
|
| 245 | 1 | 0 |
_aDigital signal processing with examples in MATLAB / _cSamuel D. Stearns. |
| 260 |
_aBoca Raton, Fla. : _bCRC Press, _cc2003. |
||
| 300 |
_a336 p. : _bill. ; _c25 cm. |
||
| 440 | 0 |
_aElectrical engineering and applied signal processing series _955596 |
|
| 504 | _aIncludes bibliographical references and index. | ||
| 630 | 0 | 0 |
_aMATLAB. _93082 |
| 650 | 0 |
_aSignal processing _xDigital techniques _xComputer simulation. _955597 |
|
| 856 | 4 | 2 |
_3Publisher description _uhttp://www.loc.gov/catdir/enhancements/fy0646/2002067480-d.html |
| 942 |
_2ddc _cBK |
||
| 999 |
_c566399 _d566399 |
||